Văn hoá truyền thống dân tộc Ca Dong

Nghiên cứu về các loại hình văn hoá đặc sắc của các dân tộc ít người trên địa bàn tỉnh Quảng Ngãi như: Ca Dong H're, Cor để từng bước bảo tồn và phát huy giá trị trong cuộc sống, phục vụ sự nghiệp xây dựng và phát triển kinh tế - xã hội ở các huyện miền núi, đồng thời nêu một số giải pháp để gó...

Cur síos iomlán

Đã lưu trong:
Sonraí Bibleagrafaíochta
Príomhúdar: Nguyễn Đăng Vũ (biên soạn)
Formáid: Leabhar
Teanga:Vietnamese
Foilsithe: Quảng Ngãi Sở Khoa học và Công nghệ Quãng Ngãi 2007
Ábhair:
Clibeanna: Cuir Clib Leis
Gan Chlibeanna, Bí ar an gcéad duine leis an taifead seo a chlibeáil!
Thư viện lưu trữ: Mạng thư viện Đại học Đà Nẵng
LEADER 01647nam a2200325 4500
001 000014846
003 11216
005 20120515140528.0
008 120515s2007 viesd
041 0 |a vie 
082 |a 305.89593  |b Văn 
100 0 |a Nguyễn Đăng Vũ  |e biên soạn 
245 0 |a Văn hoá truyền thống dân tộc Ca Dong  |c Nguyễn Đăng Vũ b.s. 
260 |a Quảng Ngãi  |b Sở Khoa học và Công nghệ Quãng Ngãi  |c 2007 
300 |a 285tr.  |b 32tr. ảnh  |c 20 cm 
500 |a ĐTTS ghi: UBND tỉnh Quảng Ngãi 
520 |a Nghiên cứu về các loại hình văn hoá đặc sắc của các dân tộc ít người trên địa bàn tỉnh Quảng Ngãi như: Ca Dong H're, Cor để từng bước bảo tồn và phát huy giá trị trong cuộc sống, phục vụ sự nghiệp xây dựng và phát triển kinh tế - xã hội ở các huyện miền núi, đồng thời nêu một số giải pháp để góp phần bảo tồn và phát huy giá trị văn hoá dân tộc Ca Dong trong quá trình phát triển và hội nhập hiện nay. 
653 |a Ca Dong 
653 |a dân tộc 
653 |a văn hóa truyền thống 
OWN |a LSP 
AVA |a UDN50  |b LSP  |d 305.89593 Văn  |e available  |t Error 5001 Not defined in file expand_doc_bib_avail.  |f 1  |g 0  |h N  |i 0  |k 1 
999 |a From the UDN01 
AVA |a UDN50  |b LSP  |d 305.89593 Văn  |e available  |t Error 5001 Not defined in file expand_doc_bib_avail.  |f 1  |g 0  |h N  |i 0  |k 1 
TYP |a Monograph 
TYP |a Printed language 
980 |a Mạng thư viện Đại học Đà Nẵng